000 00434cam a22001337a 4500
008 180718b1981 xxu||||| |||| 00| 0 eng d
082 _aY26 M823
100 _aMorgan, Robert P.
245 _aRenewable resource utilisation for development
_cby Robert P. Morgan and Larry J. Icerman
260 _aNew York
_bPergaman
_c1981
300 _a394p.
650 _aRenewable energy sources --Developing countries
700 _aIcerman, Larry J.
999 _c349499
_d349499